Doc. dr. Vladimír Štverák CSc.: Stručné dějiny pedagogiky

Bibliographic Details
Main Authors: (tes) (Author), Štverák, Vladimír, 1928- (Author)
Format: Article
Language:Slovak
Subjects:

MARC

LEADER 00000nab a2200000 a 4500
001 vtls000198658
003 SK-MaSNL
005 20260302204949.0
008 160201c1984 xo 0 slo
015 |a SNBRB19rr/mm-uuuuu 
035 |a CL0208771 
040 |a SNKBUCL  |b slo  |c SNKBUCL  |e AACR2 
041 0 |a slo 
044 |a xo  |c SK 
080 |a 37.01(091)  |2 1981 
100 1 |a (tes)  |4 aut  |9 922270 
245 1 0 |a Doc. dr. Vladimír Štverák CSc.: Stručné dějiny pedagogiky  |c (tes) ; Vladimír Štverák 
650 0 7 |a pedagogika  |2 snkbucl  |9 955 
655 7 |a články z novín a časopisov  |2 snkbucl  |9 267496 
700 1 |a Štverák, Vladimír,  |d 1928-  |4 aut  |9 112662 
773 0 |t Osvetová práca  |g Roč. 34, č. 21 (1984), s. 37 
787 0 8 |i Rec.:  |a Štverák, Vladimír  |t Stručné dějiny pedagogiky  |d Praha : SPN, 1983 
850 |a Slovenská národná knižnica v Martine  |a MTA001 
852 |a SNK  |b KIS3GCP 
958 |a RK 
958 |a CZ 
992 |a RBX 
999 |c 1475821  |d 1477751